América Latina ante los nuevos desafíos del mundo en transición

Gardado en:
Detalles Bibliográficos
Autor Principal: Fajnzylber, Fernando (Author)
Formato: Libro
Idioma:Lingua castelá
Publicado: Santiago Comisión Sudamericana de Paz 1989
Series:Documento de Trabajo, 10
Subjects:
Tags: Engadir etiqueta
Sen Etiquetas, Sexa o primeiro en etiquetar este rexistro!

MARC

LEADER 00000nam a2200000 a 4500
001 UCX5318
003 CL-VaPUC
005 20230519074543.0
008 921021e19890000cl 1 spa d
082 0 4 |a 327  |b FAJ  |2 21 
100 1 |a Fajnzylber, Fernando  |e author  |9 616858 
245 1 0 |a América Latina ante los nuevos desafíos del mundo en transición 
260 |a Santiago  |b Comisión Sudamericana de Paz  |c 1989 
300 |a 49 p 
490 0 |a Documento de Trabajo, 10 
583 |a last modification  |c 19921021 00:00:00  |k Rodrigo Vera 
650 0 0 |a Seguridad nacional  |9 317752 
650 0 0 |a Soberanía  |9 266726 
942 |c BK 
945 |a oaravena  |d 19921021 00:00:00 
546 |a En Español 
518 |p Seminario Los nuevos desafíos a la soberanía y la seguridad de América del Sur, Santiago, Chile, 11 al 13 de Julio, 1989 
999 |c 382155  |d 382153 
952 |0 0  |1 0  |4 0  |6 327_000000000000000_FAJ_1989  |7 0  |8 A  |9 503709  |a BIBHIS  |b BIBHIS  |d 2020-01-23  |i 2920891  |o 327 FAJ 1989  |p 2920891  |r 2025-01-20  |w 2020-01-23  |y BK  |k HIS 
952 |0 0  |1 0  |4 0  |6 327_000000000000000_FAJ_1989  |7 0  |8 A  |9 503710  |a BIBHIS  |b BIBHIS  |d 2020-01-23  |i 297763K  |o 327 FAJ 1989  |p 297763K  |r 2025-01-20  |w 2020-01-23  |y BK  |k HIS